| LEADER | 01423nam a2200217 4500 | ||
|---|---|---|---|
| 082 | |a 570.76 |b TR312NG | ||
| 100 | |a Trịnh Nguyên Giao | ||
| 245 | |a Câu hỏi và bài tập tự luận - trắc nghiệm Sinh học 11 |c Trịnh Nguyên Giao, Phan Như Phương | ||
| 260 | |a H. |b Đại học sư phạm |c 2007 | ||
| 300 | |a 126 tr |c 24 cm | ||
| 520 | |a v.v... | ||
| 653 | |a Sinh học | ||
| 653 | |a Lớp 11 | ||
| 856 | |u Bài tập | ||
| 942 | |2 ddc |c STK0 | ||
| 999 | |c 7531 |d 7531 | ||
| 952 | |0 0 |1 0 |2 ddc |4 0 |6 570_760000000000000_TR312NG |7 0 |8 500 |9 67985 |a qbu |b qbu |c D3 |d 2015-02-19 |g 15000 |o 570.76 TR312NG |p 7041.c1 |r 0000-00-00 |w 2015-02-19 |y STK0 |0 0 |6 570_760000000000000_TR312NG | ||
| 952 | |0 0 |1 0 |2 ddc |4 0 |6 570_760000000000000_TR312NG |7 0 |8 500 |9 93709 |a qbu |b qbu |c D3 |d 2015-09-14 |g 15000 |o 570.76 TR312NG |p 7041.c2 |r 0000-00-00 |w 2015-09-14 |y STK0 |0 0 |6 570_760000000000000_TR312NG | ||
| 952 | |0 0 |1 0 |2 ddc |4 0 |6 570_760000000000000_TR312NG |7 0 |8 500 |9 93710 |a qbu |b qbu |c D3 |d 2015-09-14 |g 15000 |o 570.76 TR312NG |p 7041.c3 |r 0000-00-00 |w 2015-09-14 |y STK0 |0 0 |6 570_760000000000000_TR312NG | ||
| 952 | |0 0 |1 0 |2 ddc |4 0 |6 570_760000000000000_TR312NG |7 0 |8 500 |9 93711 |a qbu |b qbu |c D3 |d 2015-09-14 |g 15000 |o 570.76 TR312NG |p 7041.c4 |r 0000-00-00 |w 2015-09-14 |y STK0 |0 0 |6 570_760000000000000_TR312NG | ||
| 952 | |0 0 |1 0 |2 ddc |4 0 |6 570_760000000000000_TR312NG |7 0 |8 500 |9 93712 |a qbu |b qbu |c D3 |d 2015-09-14 |g 15000 |o 570.76 TR312NG |p 7041.c5 |r 0000-00-00 |w 2015-09-14 |y STK0 |0 0 |6 570_760000000000000_TR312NG | ||